Parlamenty a evropská integrace-způsoby práce, kompetence, přístupy Pracovní materiály pro poslance a správní odborníky v České republice

Salvato in:
Dettagli Bibliografici
Natura: Libro
Lingua:ceco
Pubblicazione: Praha Ústav mezinárodních vztahů 1994
Edizione:1. vyd.
Soggetti:
Tags: Aggiungi Tag
Nessun Tag, puoi essere il primo ad aggiungerne!!

MARC

LEADER 00000nam a2200000 4500
001 c009449
005 20221205140920.2
041 0 |a cze 
044 |a CZ 
245 1 0 |a Parlamenty a evropská integrace-způsoby práce, kompetence, přístupy  |b Pracovní materiály pro poslance a správní odborníky v České republice 
250 |a 1. vyd. 
264 1 |a Praha  |b Ústav mezinárodních vztahů  |c 1994 
300 |a 156 s. 
610 2 0 |a parlamenty 
610 2 0 |a integrácia ekonomická medzinárodná 
610 2 0 |a Európa 
610 2 0 |a politika 
610 2 0 |a vzťahy politické medzinárodné 
610 2 0 |a demokracia